banner-ar

BARRON,S TOEFL iBT : (Record no. 62197)

MARC details
000 -الفاتح
حقل البيانات ثابتة الطول 01466cam a2200373 a 4500
005 - وقت وتاريخ اخر تعامل مع التسجيلة
رقم الضبط 20240530110538.0
008 - عناصر البيانات ثابتة الطول - معلومات عامة
حقل البيانات ثابتة الطول 121212s2013 nyua g 000 0 eng d
020 ## - الرقم الدولى المعيارى للكتب
الرقم الدولى المعيارى للكتاب 9781438072821 (pbk. : with audio CDs)
020 ## - الرقم الدولى المعيارى للكتب
الرقم الدولى المعيارى للكتاب 9781438001562 (pbk : book only)
020 ## - الرقم الدولى المعيارى للكتب
الرقم الدولى المعيارى للكتاب 9781438072845 (book with audio CD's and CDROM)
020 ## - الرقم الدولى المعيارى للكتب
الرقم الدولى المعيارى للكتاب 9781438072838 (audio CD's only)
035 ## - رقم ضبط النظام
رقم ضبط النظام (OCoLC)ocn840915058
040 ## - مصدر الفهرسة
وكالة الفهرسة الأصلية EG-CaGPL
وكالة النسخ EG-CaGPL
042 ## -
-- lccopycat
082 04 - رقم تصنيف ديوى العشرى
رقم الطبعة 21
رقم التصنيف 420.76\
رقم المادة S B
100 1# - المدخل الرئيسى - إسم شخصى
الإسم الشخصى Sharpe, Pamela J.
245 10 - بيان العنوان
العنوان BARRON,S TOEFL iBT :
بقية العنوان internet-based test /
بيان المسئوليه,etc Pamela J. Sharpe.
246 30 - العنوان الموازى
عنوان صحيح/عنوان مختصر BARRON,S TOEFL iBT
246 3# - العنوان الموازى
عنوان صحيح/عنوان مختصر TOEFL internet-based test
246 31 - العنوان الموازى
عنوان صحيح/عنوان مختصر Barron's test of English as a foreign language Internet-based test
250 ## - بيان الطبعة
بيان الطبعة 14th ed. ; audio ed.
260 ## - PUBLICATION, DISTRIBUTION, ETC. (IMPRINT)
تاريخ النشر أو التوزيع c2013.
300 ## - الوصف المادى
التعداد xii, 808 p. :
تفاصيل ماديه اخرى للوعاء ill. ;
أبعاد الوعاء 28 cm +
المادة المصاحبة 10 sound discs (digital ; 4 3/4 in.)
500 ## - تبصرة عامة
تبصرة عامة Barron's.
500 ## - تبصرة عامة
تبصرة عامة Includes glossary.
500 ## - تبصرة عامة
تبصرة عامة CDs include listening activities, sample speaking responses, and model tests.
650 #0 - المدخل الاضافى بالموضوع-مصطلح موضوعى
مصطلح موضوعي English language
التقسيم الفرعي الشكلي Textbooks for foreign speakers.
650 #0 - المدخل الاضافى بالموضوع-مصطلح موضوعى
مصطلح موضوعي English language
التقسيم الفرعي العام Study and teaching
-- Foreign speakers.
650 #0 - المدخل الاضافى بالموضوع-مصطلح موضوعى
مصطلح موضوعي Test of English as a Foreign Language
التقسيم الفرعي الشكلي Study guides.
650 #0 - المدخل الاضافى بالموضوع-مصطلح موضوعى
مصطلح موضوعي English language
التقسيم الفرعي العام Examinations
التقسيم الفرعي الشكلي Study guides.
650 #0 - المدخل الاضافى بالموضوع-مصطلح موضوعى
مصطلح موضوعي English language
التقسيم الفرعي الشكلي Sound recordings for foreign speakers.
942 ## - عناصر المدخل الإضافي( كوها)
مصدر التصنيف او مخطط الترفيف Dewey Decimal Classification
Koha [default] item type كتاب
260 ## - PUBLICATION, DISTRIBUTION, ETC. (IMPRINT)
-- Hauppauge, NY :
-- Barron's,
Holdings
حالة التراجع حالة الفقد مصدر التصنيف او خطة الترفيف حالة تلف ليس للاعارة المكان المؤقت الموقع الحالى تاريخ الاكتساب اجمالي اﻻعارات رقم الطلب الباركود تاريخ اخر مشاهدة تاريخ تفعيل السعر نوع وعاء كوها
    ddc     مكتبة القاهرة الكبرى مكتبة القاهرة الكبرى 04/20/2016   420.76\ S B 161853 04/20/2016 04/20/2016 كتاب

Powered By

EGPV